000 01028nam a22001697a 4500
003 SPCLIB
005 20260427095032.0
008 260427b |||||||| |||| 00| 0 eng d
040 _c..
100 _aRoa, Mitchel Joy A.
245 _aTEACHERS' COMPETENCIES AND CHALLENGES IN TEACHING MUSIC
_cMitchel Joy A. Roa
260 _c2022.
300 _a127 pages:
_bcolored illustrations:
520 _aIt is generally agreed upon that teachers must possess certain competences in order to provide students with instruction of the highest caliber and encourage meaningful learning. Despite the fact that many studies have been done on competences in various fields, few studies have been done specifically on teachers' competencies in music education. This study looked at the various degrees of expertise held by elementary school music teachers (n=153).
650 _2TEACHERS' COMPETENCIES AND CHALLENGES IN TEACHING MUSIC
_aTEACHERS' COMPETENCIES AND CHALLENGES IN TEACHING MUSIC-PHILIPPINES
942 _cBOOKS
_iTHESES BOOK
999 _c84
_d84